| 000 | 00615nam a22001937a 4500 | ||
|---|---|---|---|
| 005 | 20251108164923.0 | ||
| 008 | 250721s1991 xx 000 0 ara d | ||
| 082 | 1 | 4 | _a213/جوز |
| 100 | 1 | _aيوسف، شمس الدين أبو المظفر | |
| 245 | 1 | 0 | _aالجليس الصالح و الأنيس الناصح / |
| 264 | 1 |
_aطنطا : _bدار الصحابة للتراث، _c1991. |
|
| 300 | _a289ص | ||
| 650 | 1 | 7 | _aالحديث الشريف |
| 650 | 1 | 7 | _aالإسلام |
| 650 | 1 | 7 | _aالوعظ و الإرشاد |
| 700 | 1 |
_aالعيسوى، أحمد _eتحقيق |
|
| 942 |
_2ddc _cBK |
||
| 999 |
_c17497 _d17497 |
||